Sports Quiz

Random Sports or MLB Quiz

HR/SB Leaders With < 45 HR/SB Since 1920 Quiz Stats

 Plays Quiz not verified by Sporcle

Score 0/72 Timer 10:00
0 Plays Today
< 45 HR/SB Player % Correct
< 45 HRMiguel Cabrera
100%
< 45 HRMatt Williams
100%
< 45 HRMike Schmidt
100%
< 45 HRMike Schmidt
100%
< 45 HRMike Schmidt
100%
< 45 HRMike Schmidt
100%
< 45 HRMike Schmidt
100%
< 45 HRTed Williams
100%
< 45 HRTed Williams
100%
< 45 HRCy Williams
100%
< 45 HRJose Canseco
98.5%
< 45 HRJose Canseco
98.5%
< 45 HRHarmon Killebrew
98.5%
< 45 HRErnie Banks
98.5%
< 45 HRJose Bautista
97.1%
< 45 HRWillie Stargell
97.1%
< 45 HRHank Aaron
97.1%
< 45 HRHank Greenberg
97.1%
< 45 HRJimmie Foxx
97.1%
< 45 HRJimmie Foxx
97.1%
< 45 HRHank Greenberg
97.1%
< 45 HRBabe Ruth
97.1%
< 45 HRJohnny Bench
95.6%
< 45 HRJuan Gonzalez
94.1%
< 45 HRRogers Hornsby
94.1%
< 45 HRRogers Hornsby
94.1%
< 45 HRRalph Kiner
92.6%
< 45 HRRalph Kiner
92.6%
< 45 HRRalph Kiner
92.6%
< 45 SBWillie Mays
91.2%
< 45 SBWillie Mays
91.2%
< 45 SBWillie Mays
91.2%
< 45 HRReggie Jackson
85.3%
< 45 SBJackie Robinson
83.8%
< 45 HRJesse Barfield
80.9%
< 45 HRDarrell Evans
80.9%
< 45 HR/SB Player % Correct
< 45 HRJohnny Mize
80.9%
< 45 HRJohnny Mize
80.9%
< 45 HRFrank Howard
79.4%
< 45 HRNelson Cruz
75%
< 45 SBLuis Aparicio
75%
< 45 SBMaury Wills
75%
< 45 HRTony Armas
73.5%
< 45 SBPee Wee Reese
63.2%
< 45 HRHank Sauer
55.9%
< 45 HRRudy York
45.6%
< 45 SBRichie Ashburn
38.2%
< 45 HRTommy Holmes
35.3%
< 45 HRBill Nicholson
33.8%
< 45 SBKiki Cuyler
32.4%
< 45 SBKiki Cuyler
32.4%
< 45 SBKiki Cuyler
32.4%
< 45 SBSnuffy Stirnweiss
30.9%
< 45 SBBen Chapman
30.9%
< 45 SBBen Chapman
30.9%
< 45 SBBen Chapman
30.9%
< 45 SBBill Bruton
25%
< 45 SBBill Bruton
25%
< 45 SBBill Bruton
25%
< 45 SBFrankie Crosetti
20.6%
< 45 SBGeorge Case
16.2%
< 45 SBGeorge Case
16.2%
< 45 SBJim Rivera
13.2%
< 45 SBSam Jethroe
13.2%
< 45 SBGeorge Burns
13.2%
< 45 SBPete Reiser
11.8%
< 45 SBBilly Werber
7.4%
< 45 SBBilly Werber
7.4%
< 45 SBBilly Werber
7.4%
< 45 SBJohnny Mostil
7.4%
< 45 SBBob Dillinger
5.9%
< 45 SBLyn Lary
5.9%

You're not logged in!

Compare scores with friends on all Sporcle quizzes.
OR
Log In

Show Comments

Extras

Top Quizzes Today


Score Distribution

Your Account Isn't Verified!

In order to create a playlist on Sporcle, you need to verify the email address you used during registration. Go to your Sporcle Settings to finish the process.

Report this User

Report this user for behavior that violates our Community Guidelines.

Details: